000 00422nam a22001697a 4500
005 20250716160220.0
008 250716b |||||||| |||| 00| 0 eng d
020 _a978-0-357-03377-7
100 _aBOONE, LOUS E.
245 _aCONTEMPORARY MARKETING
260 _aNEW YORK
_bCENGAGE
_c2019
300 _aXIX,399P.
500 _aINCLUDES AN INDEX
650 _aMARKETING
700 _aKURTZ, DAVID
942 _2lcc
_cBK
999 _c215907
_d215907